[Event "2024 US National High School (K-12) Championship"]
[Site "Baltimore, Maryland, United States"]
[Date "2024.04.06"]
[Round "5.5"]
[White "Huston, Gus"]
[Black "Lancman, Kyle B."]
[Result "1-0"]
[TimeControl "G/90; d10"]
[WhiteTitle "IM"]
[WhiteFideId "30909090"]
[BlackFideId "75003732"]
[WhiteElo "2460"]
[BlackElo "2185"]

1. e4 {[%clk 01:29:07]} {[%emt 00:01:02]} c5 {[%clk 01:30:00]} {[%emt
00:00:07]} 2. Nf3 {[%clk 01:29:07]} {[%emt 00:00:02]} g6 {[%clk 01:30:00]}
{[%emt 00:00:04]} 3. c3 {[%clk 01:29:07]} {[%emt 00:00:03]} Nf6 {[%clk
01:29:55]} {[%emt 00:00:15]} 4. e5 {[%clk 01:29:07]} {[%emt 00:00:03]} Nd5
{[%clk 01:29:55]} {[%emt 00:00:05]} 5. d4 {[%clk 01:29:07]} {[%emt 00:00:02]}
cxd4 {[%clk 01:29:55]} {[%emt 00:00:04]} 6. cxd4 {[%clk 01:29:07]} {[%emt
00:00:04]} Bg7 {[%clk 01:29:46]} {[%emt 00:00:18]} 7. Bc4 {[%clk 01:29:07]}
{[%emt 00:00:04]} Nb6 {[%clk 01:29:35]} {[%emt 00:00:22]} 8. Bb3 {[%clk
01:29:07]} {[%emt 00:00:03]} d6 {[%clk 01:26:42]} {[%emt 00:03:02]} 9. Ng5
{[%clk 01:28:56]} {[%emt 00:00:21]} d5 {[%clk 01:18:46]} {[%emt 00:08:06]} 10.
O-O {[%clk 01:27:42]} {[%emt 00:01:24]} O-O {[%clk 01:16:08]} {[%emt 00:02:47]}
11. h3 {[%clk 01:27:02]} {[%emt 00:00:50]} Nc6 {[%clk 01:15:37]} {[%emt
00:00:42]} 12. f4 {[%clk 01:25:05]} {[%emt 00:02:08]} f6 {[%clk 01:05:54]}
{[%emt 00:09:52]} 13. Nf3 {[%clk 01:24:08]} {[%emt 00:01:07]} Be6 {[%clk
01:02:55]} {[%emt 00:03:09]} 14. Nc3 {[%clk 01:23:57]} {[%emt 00:00:22]} Qd7
{[%clk 01:02:26]} {[%emt 00:00:38]} 15. Qe2 {[%clk 01:22:27]} {[%emt 00:01:39]}
Rad8 {[%clk 00:58:52]} {[%emt 00:03:44]} 16. Re1 {[%clk 01:19:27]} {[%emt
00:03:09]} Rfe8 {[%clk 00:57:29]} {[%emt 00:01:34]} 17. Be3 {[%clk 01:16:16]}
{[%emt 00:03:21]} Rc8 {[%clk 00:54:16]} {[%emt 00:03:24]} 18. Rad1 {[%clk
01:16:02]} {[%emt 00:00:23]} Na5 {[%clk 00:52:31]} {[%emt 00:01:56]} 19. Bc2
{[%clk 01:16:00]} {[%emt 00:00:12]} Nac4 {[%clk 00:45:07]} {[%emt 00:07:34]} 20.
Bc1 {[%clk 01:14:42]} {[%emt 00:01:27]} f5 {[%clk 00:38:43]} {[%emt 00:06:34]}
21. Ng5 {[%clk 01:14:29]} {[%emt 00:00:23]} Kh8 {[%clk 00:37:54]} {[%emt
00:00:59]} 22. g4 {[%clk 01:13:50]} {[%emt 00:00:49]} Rf8 {[%clk 00:34:52]}
{[%emt 00:03:13]} 23. Kh1 {[%clk 01:11:05]} {[%emt 00:02:54]} Bh6 {[%clk
00:33:19]} {[%emt 00:01:43]} 24. Nxe6 {[%clk 01:09:30]} {[%emt 00:01:45]} Qxe6
{[%clk 00:33:19]} {[%emt 00:00:02]} 25. gxf5 {[%clk 01:09:30]} {[%emt
00:00:09]} gxf5 {[%clk 00:33:14]} {[%emt 00:00:14]} 26. Qh5 {[%clk 01:07:37]}
{[%emt 00:02:04]} Bg7 {[%clk 00:28:07]} {[%emt 00:05:17]} 27. Rg1 {[%clk
01:05:38]} {[%emt 00:02:08]} Qh6 {[%clk 00:26:22]} {[%emt 00:01:55]} 28. Qf3
{[%clk 01:05:30]} {[%emt 00:00:18]} Qe6 {[%clk 00:19:28]} {[%emt 00:07:04]} 29.
Rg2 {[%clk 01:03:18]} {[%emt 00:02:22]} Rg8 {[%clk 00:18:12]} {[%emt 00:01:27]}
30. Qh5 {[%clk 01:00:56]} {[%emt 00:02:31]} Rcf8 {[%clk 00:18:11]} {[%emt
00:00:12]} 31. Rg5 {[%clk 00:57:43]} {[%emt 00:03:23]} Qh6 {[%clk 00:12:33]}
{[%emt 00:05:47]} 32. Bxf5 {[%clk 00:57:31]} {[%emt 00:00:22]} e6 {[%clk
00:09:11]} {[%emt 00:03:33]} 33. Qxh6 {[%clk 00:57:26]} {[%emt 00:00:15]} Bxh6
{[%clk 00:09:11]} {[%emt 00:00:02]} 34. Rxg8+ {[%clk 00:57:26]} {[%emt
00:00:08]} Rxg8 {[%clk 00:09:05]} {[%emt 00:00:16]} 35. Bxe6 {[%clk 00:57:26]}
{[%emt 00:00:04]} Rg3 {[%clk 00:09:05]} {[%emt 00:00:06]} 36. Kh2 {[%clk
00:57:20]} {[%emt 00:00:17]} Rf3 {[%clk 00:07:13]} {[%emt 00:02:01]} 37. Kg2
{[%clk 00:57:06]} {[%emt 00:00:25]} 1-0

[Event "2024 US National High School (K-12) Championship"]
[Site "Baltimore, Maryland, United States"]
[Date "2024.04.06"]
[Round "5.6"]
[White "Park, Evan"]
[Black "Silva, Javier"]
[Result "1-0"]
[TimeControl "G/90; d10"]
[WhiteTitle "IM"]
[WhiteFideId "30931142"]
[BlackFideId "30958636"]
[WhiteElo "2452"]
[BlackElo "2140"]

1. e4 {[%clk 01:30:00]} {[%emt 00:00:02]} c6 {[%clk 01:30:00]} {[%emt
00:00:18]} 2. d4 {[%clk 01:30:00]} {[%emt 00:00:19]} d5 {[%clk 01:29:37]}
{[%emt 00:00:18]} 3. e5 {[%clk 01:30:00]} {[%emt 00:00:02]} Bf5 {[%clk
01:29:37]} {[%emt 00:00:06]} 4. Nf3 {[%clk 01:30:00]} {[%emt 00:00:07]} e6
{[%clk 01:29:37]} {[%emt 00:00:04]} 5. Be2 {[%clk 01:29:46]} {[%emt 00:00:24]}
Nd7 {[%clk 01:27:22]} {[%emt 00:02:25]} 6. O-O {[%clk 01:29:46]} {[%emt
00:00:04]} Ne7 {[%clk 01:26:58]} {[%emt 00:00:34]} 7. a4 {[%clk 01:29:46]}
{[%emt 00:00:02]} c5 {[%clk 01:26:43]} {[%emt 00:00:25]} 8. c4 {[%clk
01:29:43]} {[%emt 00:00:13]} Rc8 {[%clk 01:25:23]} {[%emt 00:01:29]} 9. Na3
{[%clk 01:24:57]} {[%emt 00:04:55]} a6 {[%clk 01:19:27]} {[%emt 00:06:06]} 10.
cxd5 {[%clk 01:18:59]} {[%emt 00:06:08]} Nxd5 {[%clk 01:18:01]} {[%emt
00:01:36]} 11. Bg5 {[%clk 01:17:55]} {[%emt 00:01:15]} Qc7 {[%clk 01:11:56]}
{[%emt 00:06:15]} 12. Rc1 {[%clk 01:15:29]} {[%emt 00:02:36]} Qb8 {[%clk
01:11:28]} {[%emt 00:00:37]} 13. a5 {[%clk 01:12:03]} {[%emt 00:03:36]} cxd4
{[%clk 00:58:23]} {[%emt 00:13:15]} 14. Rxc8+ {[%clk 01:10:19]} {[%emt
00:01:55]} Qxc8 {[%clk 00:58:23]} {[%emt 00:00:09]} 15. Nxd4 {[%clk 01:09:49]}
{[%emt 00:00:39]} Bxa3 {[%clk 00:57:03]} {[%emt 00:01:30]} 16. Nxf5 {[%clk
01:08:39]} {[%emt 00:01:21]} Bf8 {[%clk 00:54:43]} {[%emt 00:02:29]} 17. Bf3
{[%clk 00:56:57]} {[%emt 00:11:52]} Qc5 {[%clk 00:49:04]} {[%emt 00:05:49]} 18.
Qe2 {[%clk 00:36:41]} {[%emt 00:20:26]} Nc7 {[%clk 00:44:25]} {[%emt 00:04:49]}
19. Rc1 {[%clk 00:35:08]} {[%emt 00:01:44]} Qxe5 {[%clk 00:42:00]} {[%emt
00:02:35]} 20. Qxe5 {[%clk 00:35:03]} {[%emt 00:00:15]} Nxe5 {[%clk 00:42:00]}
{[%emt 00:00:05]} 21. Rxc7 {[%clk 00:31:04]} {[%emt 00:04:09]} Nxf3+ {[%clk
00:41:19]} {[%emt 00:00:51]} 22. gxf3 {[%clk 00:31:04]} {[%emt 00:00:03]} exf5
{[%clk 00:41:16]} {[%emt 00:00:12]} 23. b4 {[%clk 00:29:20]} {[%emt 00:01:55]}
f6 {[%clk 00:38:32]} {[%emt 00:02:55]} 24. Be3 {[%clk 00:29:15]} {[%emt
00:00:13]} Rg8 {[%clk 00:37:08]} {[%emt 00:01:35]} 25. Rxb7 {[%clk 00:29:10]}
{[%emt 00:00:15]} Bd6 {[%clk 00:37:08]} {[%emt 00:00:06]} 26. b5 {[%clk
00:29:01]} {[%emt 00:00:21]} 1-0

[Event "2024 US National High School (K-12) Championship"]
[Site "Baltimore, Maryland, United States"]
[Date "2024.04.06"]
[Round "5.7"]
[White "Slate, Kent"]
[Black "Vanapalli, Vishnu"]
[Result "1/2-1/2"]
[TimeControl "G/90; d10"]
[BlackTitle "FM"]
[WhiteFideId "30961564"]
[BlackFideId "30920523"]
[WhiteElo "2240"]
[BlackElo "2392"]

1. e4 {[%clk 01:23:12]} {[%emt 00:06:56]} e6 {[%clk 01:30:00]} {[%emt
00:00:10]} 2. d4 {[%clk 01:21:20]} {[%emt 00:02:01]} d5 {[%clk 01:30:00]}
{[%emt 00:00:10]} 3. Nd2 {[%clk 01:20:55]} {[%emt 00:00:36]} c5 {[%clk
01:30:00]} {[%emt 00:00:10]} 4. Ngf3 {[%clk 01:20:55]} {[%emt 00:00:05]} cxd4
{[%clk 01:29:58]} {[%emt 00:00:11]} 5. Nxd4 {[%clk 01:20:55]} {[%emt 00:00:09]}
Nf6 {[%clk 01:29:58]} {[%emt 00:00:06]} 6. exd5 {[%clk 01:19:22]} {[%emt
00:01:44]} Nxd5 {[%clk 01:29:58]} {[%emt 00:00:09]} 7. Bb5+ {[%clk 01:18:50]}
{[%emt 00:00:41]} Bd7 {[%clk 01:27:41]} {[%emt 00:02:26]} 8. Be2 {[%clk
01:17:50]} {[%emt 00:01:11]} Nc6 {[%clk 01:24:39]} {[%emt 00:03:12]} 9. N2f3
{[%clk 01:16:11]} {[%emt 00:01:49]} Bb4+ {[%clk 01:19:04]} {[%emt 00:05:45]} 10.
Bd2 {[%emt 00:05:04]} Qb6 {[%clk 00:54:01]} {[%emt 00:20:57]} 11. Nb3 {[%clk
01:14:47]} {[%emt 00:00:56]} Nf4 {[%clk 00:47:15]} {[%emt 00:06:57]} 12. c3
{[%clk 01:08:14]} {[%emt 00:06:43]} Bd6 {[%clk 00:45:22]} {[%emt 00:02:02]} 13.
O-O {[%clk 01:07:28]} {[%emt 00:00:56]} O-O {[%clk 00:42:33]} {[%emt 00:02:59]}
14. Be3 {[%clk 01:06:09]} {[%emt 00:01:29]} Qc7 {[%clk 00:41:57]} {[%emt
00:00:45]} 15. Nc5 {[%emt 00:08:52]} Nxe2+ {[%clk 00:40:30]} {[%emt 00:01:03]}
16. Qxe2 {[%clk 00:58:02]} {[%emt 00:00:08]} Rfd8 {[%clk 00:39:34]} {[%emt
00:01:05]} 17. Nxd7 {[%clk 00:56:30]} {[%emt 00:01:41]} Rxd7 {[%clk 00:39:25]}
{[%emt 00:00:19]} 18. Rfd1 {[%clk 00:56:30]} {[%emt 00:00:05]} h6 {[%clk
00:38:22]} {[%emt 00:01:12]} 19. Rd2 {[%clk 00:52:52]} {[%emt 00:03:49]} Rad8
{[%clk 00:36:35]} {[%emt 00:01:57]} 20. Rad1 {[%clk 00:51:44]} {[%emt
00:01:18]} Ne7 {[%clk 00:32:46]} {[%emt 00:03:59]} 21. g3 {[%clk 00:51:32]}
{[%emt 00:00:22]} a6 {[%clk 00:28:52]} {[%emt 00:04:05]} 22. c4 {[%clk
00:51:23]} {[%emt 00:00:17]} Nf5 {[%clk 00:28:12]} {[%emt 00:00:52]} 23. c5
{[%clk 00:44:08]} {[%emt 00:07:25]} Be7 {[%clk 00:27:08]} {[%emt 00:01:13]} 24.
b4 {[%clk 00:38:48]} {[%emt 00:05:30]} Rxd2 {[%clk 00:21:11]} {[%emt 00:06:07]}
25. Rxd2 {[%clk 00:38:48]} {[%emt 00:00:08]} Bf6 {[%clk 00:19:15]} {[%emt
00:02:06]} 26. Bf4 {[%clk 00:38:29]} {[%emt 00:00:29]} Rxd2 {[%clk 00:18:42]}
{[%emt 00:00:43]} 27. Nxd2 {[%clk 00:37:21]} {[%emt 00:01:18]} Qd7 {[%clk
00:16:19]} {[%emt 00:02:33]} 28. Ne4 {[%clk 00:36:39]} {[%emt 00:00:53]} Be7
{[%clk 00:15:29]} {[%emt 00:01:00]} 29. Be5 {[%clk 00:36:32]} {[%emt 00:00:16]}
a5 {[%clk 00:13:00]} {[%emt 00:02:39]} 30. a3 {[%clk 00:36:19]} {[%emt
00:00:23]} Qd5 {[%clk 00:10:48]} {[%emt 00:02:22]} 31. Nc3 {[%clk 00:36:04]}
{[%emt 00:00:26]} Qb3 {[%clk 00:10:21]} {[%emt 00:00:37]} 32. Qa2 {[%clk
00:35:53]} {[%emt 00:00:20]} Qxa2 {[%clk 00:09:56]} {[%emt 00:00:35]} 33. Nxa2
{[%clk 00:35:53]} {[%emt 00:00:03]} f6 {[%clk 00:09:38]} {[%emt 00:00:27]} 34.
Bb2 {[%clk 00:35:50]} {[%emt 00:00:14]} Kf7 {[%clk 00:08:23]} {[%emt 00:01:25]}
35. Kf1 {[%clk 00:35:25]} {[%emt 00:00:35]} Ke8 {[%clk 00:07:05]} {[%emt
00:01:29]} 36. Ke2 {[%clk 00:34:34]} {[%emt 00:01:01]} Kd7 {[%clk 00:06:02]}
{[%emt 00:01:13]} 37. Kd3 {[%clk 00:34:34]} {[%emt 00:00:03]} axb4 {[%clk
00:05:51]} {[%emt 00:00:21]} 38. axb4 {[%clk 00:34:34]} {[%emt 00:00:04]} h5
{[%clk 00:05:09]} {[%emt 00:00:52]} 39. Kc4 {[%clk 00:34:19]} {[%emt 00:00:25]}
Bd8 {[%clk 00:03:12]} {[%emt 00:02:07]} 40. Nc1 {[%clk 00:33:10]} {[%emt
00:01:18]} h4 {[%clk 00:03:12]} {[%emt 00:00:11]} 41. Ne2 {[%clk 00:32:41]}
{[%emt 00:00:38]} Bc7 {[%clk 00:02:31]} {[%emt 00:00:52]} 42. Bc3 {[%clk
00:32:41]} {[%emt 00:00:01]} Nh6 {[%clk 00:02:15]} {[%emt 00:00:25]} 43. f3
{[%clk 00:30:31]} {[%emt 00:02:20]} Nf7 {[%clk 00:02:15]} {[%emt 00:00:10]} 44.
f4 {[%clk 00:29:05]} {[%emt 00:01:36]} Nh6 {[%clk 00:01:36]} {[%emt 00:00:49]}
45. Nd4 {[%clk 00:28:55]} {[%emt 00:00:20]} Ng4 {[%clk 00:01:26]} {[%emt
00:00:20]} 46. Nf3 {[%clk 00:28:55]} {[%emt 00:00:02]} h3 {[%clk 00:00:40]}
{[%emt 00:00:55]} 47. Bd2 {[%clk 00:28:36]} {[%emt 00:00:29]} Bb8 {[%clk
00:00:19]} {[%emt 00:00:32]} 48. Bc1 {[%clk 00:28:22]} {[%emt 00:00:23]} e5
{[%clk 00:00:12]} {[%emt 00:00:18]} 49. Kd5 {[%clk 00:28:07]} {[%emt 00:00:24]}
exf4 {[%clk 00:00:12]} {[%emt 00:00:07]} 50. gxf4 {[%clk 00:28:05]} {[%emt
00:00:11]} g5 {[%clk 00:00:12]} {[%emt 00:00:10]} 51. fxg5 {[%clk 00:24:32]}
{[%emt 00:03:43]} fxg5 {[%clk 00:00:12]} {[%emt 00:00:02]} 52. Nxg5 {[%clk
00:24:32]} {[%emt 00:00:03]} Nf6+ {[%clk 00:00:12]} {[%emt 00:00:01]} 53. Kc4
{[%clk 00:24:03]} {[%emt 00:00:40]} Bxh2 {[%clk 00:00:12]} {[%emt 00:00:02]} 54.
Nxh3 {[%clk 00:24:03]} {[%emt 00:00:02]} Ne4 {[%clk 00:00:12]} {[%emt
00:00:10]} 55. Kd4 {[%clk 00:23:53]} {[%emt 00:00:19]} Nf6 {[%clk 00:00:12]}
{[%emt 00:00:07]} 56. Ng5 {[%clk 00:23:43]} {[%emt 00:00:20]} b6 {[%clk
00:00:12]} {[%emt 00:00:09]} 57. Nf3 {[%clk 00:23:06]} {[%emt 00:00:47]} bxc5+
{[%clk 00:00:12]} 58. bxc5 {[%clk 00:23:06]} {[%emt 00:00:09]} Bg3 {[%clk
00:00:12]} {[%emt 00:00:03]} 59. Bg5 {[%clk 00:23:06]} {[%emt 00:00:07]} Ne8
{[%clk 00:00:10]} {[%emt 00:00:12]} 60. Kc4 {[%clk 00:23:01]} {[%emt 00:00:15]}
Nc7 {[%clk 00:00:10]} {[%emt 00:00:08]} 61. Nd4 {[%clk 00:23:00]} {[%emt
00:00:10]} Bf2 {[%clk 00:00:10]} {[%emt 00:00:06]} 62. c6+ {[%clk 00:23:00]}
{[%emt 00:00:06]} Kc8 {[%clk 00:00:10]} {[%emt 00:00:03]} 63. Nf5 {[%clk
00:23:00]} {[%emt 00:00:02]} Ne6 {[%clk 00:00:10]} {[%emt 00:00:07]} 64. Bd2
{[%clk 00:23:00]} {[%emt 00:00:02]} Bb6 {[%clk 00:00:02]} {[%emt 00:00:18]} 65.
Ne7+ {[%clk 00:22:53]} {[%emt 00:00:18]} Kd8 {[%clk 00:00:02]} {[%emt
00:00:01]} 66. Nd5 {[%clk 00:22:53]} {[%emt 00:00:03]} Bc7 {[%clk 00:00:02]}
{[%emt 00:00:04]} 67. Be1 {[%clk 00:22:53]} {[%emt 00:00:06]} Bd6 {[%clk
00:00:02]} {[%emt 00:00:09]} 68. Bf2 {[%clk 00:22:46]} {[%emt 00:00:17]} Kc8
{[%clk 00:00:02]} {[%emt 00:00:09]} 69. Be3 {[%clk 00:22:44]} {[%emt 00:00:12]}
Nd8 {[%clk 00:00:02]} {[%emt 00:00:08]} 70. Kb5 {[%clk 00:22:29]} {[%emt
00:00:24]} Ne6 {[%clk 00:00:02]} {[%emt 00:00:02]} 71. Nb6+ {[%clk 00:21:32]}
{[%emt 00:01:06]} Kc7 {[%clk 00:00:02]} {[%emt 00:00:02]} 72. Nc4 {[%clk
00:21:28]} {[%emt 00:00:14]} Bg3 {[%clk 00:00:02]} {[%emt 00:00:01]} 73. Bb6+
{[%clk 00:21:25]} {[%emt 00:00:13]} Kc8 {[%clk 00:00:02]} {[%emt 00:00:01]} 74.
Ba5 {[%clk 00:21:22]} {[%emt 00:00:14]} Bc7 {[%clk 00:00:02]} {[%emt 00:00:09]}
75. Bc3 {[%clk 00:21:22]} {[%emt 00:00:04]} Bg3 {[%clk 00:00:02]} {[%emt
00:00:07]} 76. Nb6+ {[%clk 00:21:22]} {[%emt 00:00:07]} Kc7 {[%clk 00:00:02]}
{[%emt 00:00:03]} 77. Nd5+ {[%clk 00:21:22]} {[%emt 00:00:02]} Kc8 {[%clk
00:00:02]} {[%emt 00:00:03]} 78. Ne7+ {[%clk 00:21:14]} {[%emt 00:00:18]} Kd8
{[%clk 00:00:02]} {[%emt 00:00:03]} 79. Nf5 {[%clk 00:21:14]} {[%emt 00:00:03]}
Bf4 {[%clk 00:00:02]} {[%emt 00:00:07]} 80. Kc4 {[%clk 00:21:10]} {[%emt
00:00:13]} Kc8 {[%clk 00:00:02]} {[%emt 00:00:08]} 81. Kd5 {[%clk 00:21:00]}
{[%emt 00:00:20]} Nc7+ {[%clk 00:00:02]} {[%emt 00:00:02]} 82. Ke4 {[%clk
00:21:00]} {[%emt 00:00:03]} Bh2 {[%clk 00:00:02]} {[%emt 00:00:07]} 83. Ba5
{[%clk 00:20:49]} {[%emt 00:00:21]} Nb5 {[%clk 00:00:02]} {[%emt 00:00:09]} 84.
Ne7+ {[%clk 00:20:41]} {[%emt 00:00:19]} Kb8 {[%clk 00:00:02]} {[%emt
00:00:01]} 85. Kd5 {[%clk 00:20:41]} {[%emt 00:00:06]} Bc7 {[%clk 00:00:02]}
{[%emt 00:00:09]} 86. Bd2 {[%clk 00:20:41]} Bd6 {[%clk 00:00:02]} {[%emt
00:00:03]} 87. Nf5 {[%clk 00:20:29]} {[%emt 00:00:22]} Ba3 {[%clk 00:00:02]}
{[%emt 00:00:08]} 88. Bf4+ {[%clk 00:20:19]} {[%emt 00:00:20]} Kc8 {[%clk
00:00:02]} {[%emt 00:00:02]} 89. Ne3 {[%clk 00:20:19]} {[%emt 00:00:05]} Bc1
{[%clk 00:00:02]} {[%emt 00:00:07]} 90. Kc5 {[%clk 00:20:13]} {[%emt 00:00:16]}
Bxe3+ {[%clk 00:00:02]} {[%emt 00:00:03]} 91. Bxe3 {[%clk 00:20:13]} {[%emt
00:00:02]} Na7 {[%clk 00:00:02]} 1/2-1/2